Probability Pattern and Effect of Extinction of Disease on Expectation of Life in Bangladesh / (Record no. 82108)
[ view plain ]
| 000 -LEADER | |
|---|---|
| fixed length control field | 00934nam a2200241 a 4500 |
| 001 - CONTROL NUMBER | |
| RUCL Control Number | 82108 |
| 003 - CONTROL NUMBER IDENTIFIER | |
| rucl marc code | BD-RjUL |
| 005 - DATE AND TIME OF LATEST TRANSACTION | |
| control field | 20240114104010.0 |
| 008 - FIXED-LENGTH DATA ELEMENTS--GENERAL INFORMATION | |
| fixed length control field | 231015s2014 bg a|||| m||| 00| 0 eng d |
| 035 ## - SYSTEM CONTROL NUMBER | |
| system control number | (BD-RjUL)82108 |
| 040 ## - CATALOGING SOURCE | |
| Original cataloging agency | BD-RjUL |
| Language of cataloging | eng |
| Transcribing agency | BD-RjUL |
| Modifying agency | BD-RjUL |
| 041 ## - LANGUAGE CODE | |
| Language code of Book | eng |
| 082 ## - DEWEY DECIMAL CLASSIFICATION NUMBER | |
| DDC Edition number | 23 |
| Classification number | 571.9 |
| Author mark and Year | SAP 2014 |
| 100 ## - MAIN ENTRY--PERSONAL NAME | |
| Personal name | Sarkar, Aziza Sultana Rosy |
| 9 (RLIN) | 9533 |
| 245 10 - TITLE STATEMENT | |
| Title | Probability Pattern and Effect of Extinction of Disease on Expectation of Life in Bangladesh / |
| Statement of responsibility, etc | By Aziza Sultana Rosy Sarkar ; |
| Name of Supervisor/Co-Supervisor | Supervisor : Md. Nurul Islam. |
| 260 ## - PUBLICATION, DISTRIBUTION, ETC. (IMPRINT) | |
| Place of publication, distribution, etc | Rajshahi : |
| Name of publisher, distributor, etc | Department of Statistics, University of Rajshahi, |
| Date of publication, distribution, etc | 2014. |
| 300 ## - PHYSICAL DESCRIPTION | |
| Pagination | xvii, ; 218 Leaves : |
| Other physical details | ill, ; |
| Dimensions | 29 cm. |
| 502 ## - DISSERTATION NOTE | |
| Dissertation note | Thesis (Ph. D.) -- Department of Statistics, University of Rajshahi, 2014 |
| 504 ## - BIBLIOGRAPHY, ETC. NOTE | |
| Bibliography, etc | References : Leaves [200]-206 |
| 650 ## - SUBJECT ADDED ENTRY--TOPICAL TERM | |
| Topical term or geographic name as entry element | Disease |
| Form subdivision | Effect |
| General subdivision | Probabilty |
| 9 (RLIN) | 9534 |
| 700 ## - ADDED ENTRY--SUPERVISOR/CO-SUPERVISOR NAME | |
| Personal name | Islam, Md. Nurul, Supervisor |
| 9 (RLIN) | 1185 |
| 942 ## - ADDED ENTRY ELEMENTS (KOHA) | |
| Source of classification or shelving scheme | Dewey Decimal Classification |
| Koha item type | Theses |
| Source of classification or shelving scheme | Damaged status | Not for loan | Collection code | Permanent Location | Current Location | Shelving location | Date of accession | Source of acquisition | Total Checkouts | Full call number | Barcode | Date last seen | Copy number | Thesis |
|---|---|---|---|---|---|---|---|---|---|---|---|---|---|---|
| Dewey Decimal Classification | Not For Loan | Theses | Central Library, University of Rajshahi | Central Library, University of Rajshahi | Documentation Section | 13/06/2015 | Controller of Exam. R. U. | THE 571.9 SAP 2014 | D3788 | 15/10/2023 | C-1 | Theses |